Statystyki dla Seltenste Kennzeichen in Deutschland

Kliknij tutaj aby rozwiązać quiz!

Ogólne statystyki

  • Ten quiz został rozwiązany 7 razy
  • Średni wynik to 7 z 9

Statystyki odpowiedzi

KennzeichenStadt% Poprawnych
EAEisenach
100%
EMDEmden
100%
BÜSBüsingen
83%
IGBSt. Ingbert
83%
VKVölklingen
83%
HWIWismar
67%
ZWZweibrücken
67%
KFKaufbeuren
50%
SCSchwabach
50%

Rozkład punktacji

Percentyl według liczby udzielonych odpowiedzi

Procent ludzi z każdym wynikiem

Twoja historia wyników

Nie rozwiązałeś tego quizu